MDQL
is popping MORE tags! Check the
thread
!
Quizzes
Events
Quiz Creation
Community
Videos
Private Events
Remove Ads
Sign In
Join for FREE
Feedback
Dark Mode
Quiz Categories
Sports
Geography
Music
Movies
Television
Just For Fun
Miscellaneous
History
Literature
Language
Science
Gaming
Entertainment
Religion
Holiday
For Kids
Quiz Lab
Recent
Popular Today
Quiz Kudos Today
Editor Picks
Curator Picks
Quizzes by...
Day
Popularity
Type
Ratings
Length
Year
Community
Subscriptions
Recent Discussions
Orange Saloon
Badges
Playlists
Quests
Create
Leaderboards
Showdown
Live 5
Trivia Bingo
Activity
Puzzle Library
Sporcle Events
Private Events
Virtual Trivia
Globe League
Become a Host
Pub Owners
SporcleCon
Opinionation
Our Games
Videos
Blog
Mobile Apps
Partnerships
Remove Ads and Go Orange
Feedback
Geography
Country
Landmarks
City
State
Population
World
Capital
Continent
Flags
Europe
Africa
Asia
South America
North America
Oceania
Border
Canada
United Kingdom
Topography
United States
Geography
Country
Landmarks
City
State
Population
World
Capital
Continent
Flags
Europe
Africa
Asia
South America
North America
Oceania
Border
Canada
United Kingdom
Topography
United States
Random Quiz
Search Sporcle
×
Quiz Lab
Quiz Lab
Geography
global
Type in answers that appear in a list
Type in answers that appear in a list
Classic
Best Score? Go Orange.
IATA GLOBAL INDICATORS JOURNEY Stats
Can you guess the IATA GLOBAL INDICATORS JOURNEYS
By
Shah1
20m
127 Questions
5,987 Plays
5,987 Plays
5,987 Plays
Comments
Comments
Give Quiz Kudos
Give Quiz Kudos
-
- Ratings
hide this ad
No Skip
Answers have to be entered in order without skipping
Answers have to be entered in order without skipping
Replay
Link that replays current quiz
Next Quiz
Link to next quiz in quiz playlist
You Got
0%
They Got
Avg Score
34%
Avg Friend Score
Upgrade to see
Score Distribution
Jump to the score distribution portion of the page
Score
0/127
Timer
20:00
0
Plays Today
JOURNEY
GLOBAL INDICATOR JOURNEY
% Correct
?
???
100%
?
???
89.5%
?
???
84.7%
?
???
81.7%
?
???
80.3%
?
???
79%
?
???
75.1%
?
???
74%
?
???
72.9%
?
???
69.7%
?
???
68.4%
?
???
67.6%
?
???
67.3%
?
???
64.9%
?
???
62.2%
?
???
60.8%
?
???
60.2%
?
???
59.5%
?
???
58.3%
?
???
56.7%
?
???
55.3%
?
???
54.5%
?
???
53.7%
?
???
53.1%
?
???
52.4%
?
???
51.5%
?
???
51%
?
???
49.8%
?
???
48.5%
?
???
47.7%
?
???
46.5%
?
???
45.8%
?
???
45.2%
?
???
43.9%
?
???
43.5%
?
???
43.1%
?
???
42.1%
?
???
41.7%
?
???
41.1%
?
???
40.6%
?
???
38.5%
?
???
37.9%
?
???
37.2%
JOURNEY
GLOBAL INDICATOR JOURNEY
% Correct
?
???
36.7%
?
???
36.1%
?
???
35.8%
?
???
35.4%
?
???
34.7%
?
???
33.7%
?
???
33.4%
?
???
33%
?
???
32.5%
?
???
32.2%
?
???
31.7%
?
???
31.3%
?
???
30.9%
?
???
30.6%
?
???
30.3%
?
???
30%
?
???
29.8%
?
???
29.6%
?
???
29.3%
?
???
28.9%
?
???
28.4%
?
???
28.1%
?
???
27.6%
?
???
27.3%
?
???
27.1%
?
???
26.8%
?
???
26.5%
?
???
26.3%
?
???
26.1%
?
???
25.7%
?
???
25.4%
?
???
25.1%
?
???
24.7%
?
???
24.5%
?
???
24.3%
?
???
24%
?
???
23.7%
?
???
23.4%
?
???
23.2%
?
???
22.9%
?
???
22.7%
?
???
22.4%
?
???
22.2%
JOURNEY
GLOBAL INDICATOR JOURNEY
% Correct
?
???
21.9%
?
???
21.5%
?
???
21.3%
?
???
21.2%
?
???
20.8%
?
???
20.5%
?
???
20.2%
?
???
19.8%
?
???
19.6%
?
???
19.3%
?
???
19.1%
?
???
18.9%
?
???
18.7%
?
???
18.5%
?
???
18.2%
?
???
18%
?
???
17.6%
?
???
17.4%
?
???
17.1%
?
???
16.9%
?
???
16.5%
?
???
16.3%
?
???
16%
?
???
15.7%
?
???
15.6%
?
???
15.4%
?
???
15.1%
?
???
14.9%
?
???
14.7%
?
???
14.5%
?
???
14.4%
?
???
14.2%
?
???
14.1%
?
???
13.8%
?
???
13.5%
?
???
13.2%
?
???
13%
?
???
12.9%
?
???
12.6%
?
???
12.3%
?
???
12.1%
Quiz Playlist
Details
Report
Send in Message
Add To Playlist
Classic:
Type in answers that appear in a list
No Skip:
Answers have to be entered in order without skipping
Last Updated: Nov 1, 2018
Quiz Scoreboard
CHALLENGE
Sign Up to Join the Scoreboard
Show All
Scores
Hide
Comments
May contain spoilers
Recently Published
Street Fighter Characters
by Artimus82
Gaming
60s
9x9 Crossword: Cartoon Network
by jackfrog10
Miscellaneous
3m
College Basketball Coaching Resumes
by pancakes188
Sports
9m
More to Explore
Quiz From the Vault
Featured Blog Post
Where Did the Easter Bunny Come From?
hide this ad
You Might Also Like...
Tags
global
Journey
Today's Top Quizzes in Geography
Browse Geography
hide this ad
Today's Top Quizzes in global
Browse global
Top Contributed Quizzes in Geography
1
Countries of the World - No Outlines Minefield
2
Top 25 Cities of France on a map
3
Any capital of a 'B' country per Continent
4
Any capital of a 'C' country per Continent
5
Closest Countries to UK A-Z
6
Any capital of a 'D' country per Continent
7
5-to-1: US Geography No Hints
8
Any capital of an 'E' country per Continent
9
Find the US States - No Outlines
10
Any capital of an 'F' country per Continent
Explore More
Trending Topics
Harry Potter
Crossword
Disney
Anime
Marvel
NBA
Kpop
Puzzle
WWE
NFL
Pokémon
The Office
Soccer
Country
Song
hide this ad
More By:
Shah1
Quiz
Plays
Rating
Category
Featured
Created
IATA GLOBAL INDICATORS JOURNEY
5,987
3.00
Geography
Dec 15, 2014
EUROPE IATA CODES - GUESS COUNTRY OR CITY
103
1.67
Geography
Nov 18, 2014
Europe Foundation Course IATA Codes
61
Geography
Nov 16, 2014
North,South,Cen America Foundation Course IATA CODES
60
Geography
Nov 15, 2014
ASIA,AUSTRALIA,PACIFIC OCEAN ISLANDS - GUESS IATA CODE
45
Geography
Nov 23, 2014
Go to Creator's Profile
Score Distribution
Quiz Creator Spotlight
Shah1
Follow
Send a Message
Quizzes Created
-
Created Quiz Play Count
-
More By This Creator
Popular Quizzes Today
1
Find the US States - No Outlines Minefield
2
Find the Countries of Europe - No Outlines Minefield
3
The Countries of the World
4
Find the US States
5
Risky Map Clicking: Biggest States A-Z
6
US States
7
Popular People in 1961
8
Movies - When Are They Set?
More Geography Quizzes
The Uzbekistan Quiz
Quiz Lab
Trending Quizzes
Risky Map Clicking: Least Populous States A-Z
Billboard Blitz: Aretha Franklin
Famous Russians: Author or Composer?
1-10 Letter G Words
Countries of the World: 200 Million BC
Recently Updated
Leaping Animals
pecheneg
Reality TV Shows (A-Z)
bhenderson79
Rickey Henderson's Hall of Fame Teammates
pecheneg
Champions League XIs: Arsenal
pecheneg
Quick Pick: Celebrities in WWE's Hall of Fame
aduchscher
A-Z Keypad Blitz II
pecheneg
Multiple Oscar Actors
pecheneg
Mystery Phrase Blitz: Oscar 'Best Actors'
pecheneg
F. Scott Fitzgerald Novels
LTH
Pick 3 Villains
ddd62291
Trending Topics
Kpop
Crossword
Disney
Marvel
NBA
Harry Potter
Anime
Country
Song
Pokémon
WWE
Soccer
The Office
NFL
Puzzle
Your Account Isn't Verified!
In order to create a playlist on Sporcle, you need to verify the email address you used during registration. Go to your
Sporcle Settings
to finish the process.
Report this User
Report this user for behavior that violates our
Community Guidelines
.
Details:
Send Report
Go to the Sporcle.com Mobile Site →
Comments